[Event "10. University wch femenino"]
[Site "Novokuznetsk RUS"]
[Date "2008.03.08"]
[Round "6.24"]
[White "Paridar, Shadi"]
[Black "Tajik, Sareh"]
[Result "1-0"]
[WhiteElo "2225"]
[BlackElo "1992"]
[PlyCount "53"]
[EventDate "2008.03.03"]
[EventType "swiss"]
[EventRounds "9"]
[EventCountry "RUS"]
[Source "lmi"]
[SourceDate "2008.03.03"]

1. e4 e5 2. Nc3 Nf6 3. f4 Bb4 4. fxe5 Bxc3 5. dxc3 Nxe4 6. Qg4 d5 7. Qxg7 Rf8
8. Bh6 Nd7 9. Nf3 Qe7 10. Qxh7 Nef6 11. Bxf8 Nxf8 12. Qh4 Ng8 13. Qh8 Bg4 14.
Qxg8 Bxf3 15. gxf3 Qxe5+ 16. Be2 O-O-O 17. f4 Qe4 18. Qg4+ f5 19. Qf3 Qxc2 20.
Qd3 Qxb2 21. Rb1 Qxa2 22. Qb5 b6 23. Qa6+ Qxa6 24. Bxa6+ Kb8 25. h4 Ne6 26. h5
Nxf4 27. h6 1-0

[Event "10. University wch femenino"]
[Site "Novokuznetsk RUS"]
[Date "2008.03.08"]
[Round "6.25"]
[White "Springelkamp, Henriet"]
[Black "Cheremnova, Tamara"]
[Result "1/2-1/2"]
[WhiteElo "1992"]
[BlackElo "2156"]
[PlyCount "66"]
[EventDate "2008.03.03"]
[EventType "swiss"]
[EventRounds "9"]
[EventCountry "RUS"]
[Source "lmi"]
[SourceDate "2008.03.03"]

1. e4 e5 2. Nc3 Nc6 3. Bc4 Nf6 4. d3 Na5 5. Nge2 Be7 6. O-O O-O 7. Ng3 c6 8.
Bg5 b5 9. Bb3 b4 10. Nce2 Nxb3 11. axb3 d5 12. f3 h6 13. Bxf6 Bxf6 14. Qd2 Qb6+
15. Kh1 a5 16. Qe1 Bg5 17. f4 exf4 18. Nxf4 Bd7 19. Qf2 Qxf2 20. Rxf2 dxe4 21.
Nxe4 Be7 22. Nd2 g5 23. Ne2 f5 24. Nc4 Bf6 25. Nb6 Ra7 26. Nxd7 Rxd7 27. Rxf5
Re7 28. Ng3 Bxb2 29. Rxf8+ Kxf8 30. Rf1+ Ke8 31. Ne4 Bd4 32. Re1 Kd7 33. g3 Rf7
1/2-1/2

[Event "10. University wch femenino"]
[Site "Novokuznetsk RUS"]
[Date "2008.03.08"]
[Round "6.27"]
[White "Coelho, Tatiane Cristina"]
[Black "Dagiisuren, Jargalsaikhan"]
[Result "0-1"]
[WhiteElo "1799"]
[BlackElo "2045"]
[PlyCount "52"]
[EventDate "2008.03.03"]
[EventType "swiss"]
[EventRounds "9"]
[EventCountry "RUS"]
[Source "lmi"]
[SourceDate "2008.03.03"]

1. d4 d5 2. Nf3 Nf6 3. Nbd2 e6 4. e3 c5 5. c3 Be7 6. Bd3 Nc6 7. O-O O-O 8. dxc5
Bxc5 9. Qe2 e5 10. e4 d4 11. cxd4 Bxd4 12. h3 Nh5 13. Nxd4 Nf4 14. Qe3 Nxd4 15.
Kh2 Qg5 16. Rg1 Rd8 17. g3 Qh5 18. h4 Be6 19. Rh1 Nxd3 20. Qxd3 Nb3 21. Qc2
Rac8 22. Qxc8 Rxc8 23. axb3 Qe2 24. Kg2 a6 25. Rf1 Rc2 26. Kg1 Bh3 0-1

[Event "10. University wch femenino"]
[Site "Novokuznetsk RUS"]
[Date "2008.03.09"]
[Round "7.18"]
[White "Vasilevich, Irina"]
[Black "Zhang, Jilin"]
[Result "1-0"]
[WhiteElo "2378"]
[BlackElo "2345"]
[PlyCount "51"]
[EventDate "2008.03.03"]
[EventType "swiss"]
[EventRounds "9"]
[EventCountry "RUS"]
[Source "lmi"]
[SourceDate "2008.03.03"]

1. e4 c5 2. Nf3 d6 3. d4 cxd4 4. Nxd4 Nf6 5. Nc3 a6 6. Bc4 e6 7. Bb3 Be7 8. g4
Qa5 9. f3 Nc6 10. Be3 Nd7 11. h4 Nc5 12. Qd2 Bd7 13. O-O-O b5 14. Kb1 Nxb3 15.
cxb3 b4 16. Nce2 Ne5 17. g5 O-O 18. h5 d5 19. f4 Nc6 20. e5 Nxd4 21. Nxd4 Bc5
22. g6 h6 23. f5 Bxd4 24. Qxd4 exf5 25. Bxh6 Be6 26. Bxg7 1-0

[Event "10. University wch femenino"]
[Site "Novokuznetsk RUS"]
[Date "2008.03.09"]
[Round "7.19"]
[White "Bensdorp, Marlies"]
[Black "Kovanova, Baira"]
[Result "1/2-1/2"]
[WhiteElo "2259"]
[BlackElo "2348"]
[PlyCount "67"]
[EventDate "2008.03.03"]
[EventType "swiss"]
[EventRounds "9"]
[EventCountry "RUS"]
[Source "lmi"]
[SourceDate "2008.03.03"]

1. d4 Nf6 2. c4 e6 3. Nf3 b6 4. g3 Ba6 5. Nbd2 Bb4 6. Qc2 Bb7 7. Bg2 Be4 8. Qb3
Bxd2+ 9. Bxd2 O-O 10. O-O d6 11. Qe3 Nbd7 12. Bc3 d5 13. cxd5 exd5 14. Rac1 c5
15. dxc5 bxc5 16. Bxf6 Qxf6 17. Bh3 Bf5 18. Bxf5 Qxf5 19. Rfd1 Rfe8 20. Qd3
Qxd3 21. Rxd3 Rxe2 22. Rxd5 Nb6 23. Rdxc5 Rxb2 24. Ra5 g6 25. Rc7 Rc8 26. Raxa7
Rxc7 27. Rxc7 Rxa2 28. Ng5 Nd5 29. Rd7 Nf6 30. Rb7 Ng4 31. Nxf7 Nxf2 32. Nh6+
Kh8 33. Nf7+ Kg8 34. Nh6+ 1/2-1/2

[Event "10. University wch femenino"]
[Site "Novokuznetsk RUS"]
[Date "2008.03.09"]
[Round "7.20"]
[White "Tashimova, Nadiya"]
[Black "Yanjindulam, Dulamsuren"]
[Result "0-1"]
[WhiteElo "2073"]
[BlackElo "2256"]
[PlyCount "74"]
[EventDate "2008.03.03"]
[EventType "swiss"]
[EventRounds "9"]
[EventCountry "RUS"]
[Source "lmi"]
[SourceDate "2008.03.03"]

1. e4 c5 2. Nf3 d6 3. d4 cxd4 4. Nxd4 Nf6 5. Nc3 a6 6. Be2 e5 7. Nb3 Be7 8. O-O
O-O 9. Be3 Be6 10. Qd2 Nbd7 11. a4 Rc8 12. f3 Nb6 13. a5 Nc4 14. Bxc4 Rxc4 15.
Rfd1 Qc8 16. Qd3 Rd8 17. Bb6 Rd7 18. Nd2 Rc6 19. Rac1 d5 20. exd5 Nxd5 21. Nxd5
Rxd5 22. Qe4 f5 23. Qe1 Rxc2 24. Nf1 Bb4 25. Rxc2 Qxc2 26. Rc1 Qxb2 27. Rb1
Bxe1 28. Rxb2 Rd1 29. Rc2 Bd7 30. g3 Bc6 31. Ne3 Ra1 32. Kg2 e4 33. Nxf5 exf3+
34. Kh3 Bd7 35. g4 Bxf5 36. gxf5 Ra4 37. Bd8 f2 0-1

[Event "10. University wch femenino"]
[Site "Novokuznetsk RUS"]
[Date "2008.03.09"]
[Round "7.24"]
[White "Kharashuta, Ekaterina"]
[Black "Dauletova, Gulmira"]
[Result "0-1"]
[WhiteElo "2222"]
[BlackElo "2261"]
[PlyCount "52"]
[EventDate "2008.03.03"]
[EventType "swiss"]
[EventRounds "9"]
[EventCountry "RUS"]
[Source "lmi"]
[SourceDate "2008.03.03"]

1. Nf3 Nf6 2. c4 g6 3. b3 Bg7 4. Bb2 O-O 5. g3 d6 6. d4 Nbd7 7. Bg2 c6 8. O-O
Qc7 9. e3 Re8 10. Nc3 e5 11. Qc2 a6 12. dxe5 dxe5 13. Nd2 a5 14. Ba3 Nf8 15. c5
Bf5 16. e4 Be6 17. Na4 Rad8 18. Nb6 N6d7 19. Nbc4 Bxc4 20. Nxc4 Ne6 21. Nd6 Re7
22. Rad1 Nd4 23. Qd2 b6 24. cxb6 Nxb6 25. Qxa5 Ra8 26. Qc5 Nd7 0-1

[Event "10. University wch femenino"]
[Site "Novokuznetsk RUS"]
[Date "2008.03.09"]
[Round "7.26"]
[White "Dagiisuren, Jargalsaikhan"]
[Black "Springelkamp, Henriet"]
[Result "1-0"]
[WhiteElo "2045"]
[BlackElo "1992"]
[PlyCount "32"]
[EventDate "2008.03.03"]
[EventType "swiss"]
[EventRounds "9"]
[EventCountry "RUS"]
[Source "lmi"]
[SourceDate "2008.03.03"]

1. e4 c6 2. d4 d5 3. e5 Bf5 4. Nc3 e6 5. g4 Bg6 6. Nge2 f6 7. Nf4 Bf7 8. Nd3
Nd7 9. Bf4 Ne7 10. Bg3 Qb6 11. f4 f5 12. h3 g6 13. Qd2 Nc8 14. a3 Be7 15. Bf2
Qd8 16. Nc5 Nxc5 1-0

[Event "10. University wch femenino"]
[Site "Novokuznetsk RUS"]
[Date "2008.03.10"]
[Round "8.18"]
[White "Pogonina, Natalija"]
[Black "Bensdorp, Marlies"]
[Result "1-0"]
[WhiteElo "2476"]
[BlackElo "2259"]
[PlyCount "115"]
[EventDate "2008.03.03"]
[EventType "swiss"]
[EventRounds "9"]
[EventCountry "RUS"]
[Source "lmi"]
[SourceDate "2008.03.03"]

1. e4 e6 2. d4 d5 3. Nd2 dxe4 4. Nxe4 Bd7 5. Nf3 Bc6 6. Bd3 Nd7 7. O-O Ngf6 8.
Ng3 Be7 9. Qe2 Bxf3 10. Qxf3 c6 11. b3 O-O 12. Bb2 Re8 13. Rad1 Qc7 14. c4 Rad8
15. Bb1 Qa5 16. Rfe1 Ba3 17. Ba1 Bd6 18. Re3 Qg5 19. h3 Nf8 20. Bc3 Ng6 21. Qe2
Nf4 22. Qf1 h5 23. Ne2 Nxe2+ 24. Qxe2 h4 25. Bd2 Bf4 26. Re5 Qh6 27. Bxf4 Qxf4
28. Qe3 Qxe3 29. fxe3 g6 30. b4 Kg7 31. Bc2 Re7 32. Ra5 a6 33. Kf2 Ne8 34. Bd3
Nc7 35. Ke2 e5 36. Rxe5 Rxe5 37. dxe5 Re8 38. Bb1 Re7 39. Rd8 c5 40. a3 cxb4
41. axb4 b5 42. c5 Rxe5 43. Ba2 a5 44. Rd7 Na6 45. bxa5 Nxc5 46. Rxf7+ Kh6 47.
Rf4 g5 48. Rd4 Ne4 49. Bb3 Ng3+ 50. Kd3 Nf1 51. e4 Ng3 52. a6 Re7 53. Rd6+ Kg7
54. Bd5 Nh5 55. Bb7 Nf4+ 56. Kd4 Ne6+ 57. Rxe6 Rxe6 58. a7 1-0

[Event "10. University wch femenino"]
[Site "Novokuznetsk RUS"]
[Date "2008.03.10"]
[Round "8.19"]
[White "Mongontuul, Bathuyag"]
[Black "Wang, Yu A"]
[Result "1-0"]
[WhiteElo "2389"]
[BlackElo "2391"]
[PlyCount "151"]
[EventDate "2008.03.03"]
[EventType "swiss"]
[EventRounds "9"]
[EventCountry "RUS"]
[Source "lmi"]
[SourceDate "2008.03.03"]

1. e4 e5 2. Nf3 Nc6 3. Bb5 a6 4. Ba4 Nf6 5. O-O Be7 6. Re1 b5 7. Bb3 d6 8. c3
O-O 9. d4 Bg4 10. Be3 exd4 11. cxd4 Na5 12. Bc2 Nc4 13. Bc1 c5 14. b3 Nb6 15.
Bb2 cxd4 16. Nbd2 Nfd7 17. h3 d3 18. Bxd3 Bxf3 19. Nxf3 Bf6 20. Nd4 Rc8 21. Rc1
Nc5 22. Bb1 Be5 23. Ba3 Re8 24. Nf5 Ne6 25. g3 Rxc1 26. Bxc1 Nc8 27. Kg2 g6 28.
Nh6+ Kf8 29. Re3 Bg7 30. Rf3 Re7 31. Qd5 Qd7 32. Be3 Nd4 33. Rxf7+ Rxf7 34.
Nxf7 Qxf7 35. Bxd4 Qxd5 36. Bxg7+ Kxg7 37. exd5 Kf6 38. f4 Nb6 39. Be4 b4 40.
Kf3 h6 41. Ke3 a5 42. Kd4 g5 43. fxg5+ hxg5 44. h4 gxh4 45. gxh4 Na8 46. Bd3
Nb6 47. Ke4 Kg6 48. Be2 Kf6 49. Bf3 Nd7 50. Bg4 Nb6 51. Be6 Na8 52. Bd7 Nc7 53.
Bc6 Na6 54. Kf4 Nc5 55. Bb5 Kg6 56. Be2 Nd7 57. h5+ Kf6 58. Bd3 Nb6 59. Be4 a4
60. bxa4 Nxa4 61. Bc2 Nb6 62. Bb3 Nd7 63. h6 Kg6 64. Bc2+ Kxh6 65. Kf5 Nc5 66.
Kf6 Nb7 67. Ke7 Kg5 68. Kd7 Kf6 69. Kc7 Na5 70. Kxd6 Nc4+ 71. Kc5 Ne3 72. Bb3
Ke7 73. Kxb4 Kd6 74. Kb5 Nf5 75. Kb6 Nd4 76. Bc4 1-0

[Event "10. University wch femenino"]
[Site "Novokuznetsk RUS"]
[Date "2008.03.10"]
[Round "8.20"]
[White "Zhang, Jilin"]
[Black "Kovanova, Baira"]
[Result "1/2-1/2"]
[WhiteElo "2345"]
[BlackElo "2348"]
[PlyCount "67"]
[EventDate "2008.03.03"]
[EventType "swiss"]
[EventRounds "9"]
[EventCountry "RUS"]
[Source "lmi"]
[SourceDate "2008.03.03"]

1. e4 e5 2. Nf3 Nc6 3. d4 exd4 4. Nxd4 Nf6 5. Nxc6 bxc6 6. e5 Qe7 7. Qe2 Nd5 8.
c4 Ba6 9. b3 O-O-O 10. Bb2 Re8 11. Nd2 f6 12. Qe4 Nb6 13. f4 fxe5 14. fxe5 g6
15. O-O-O Bg7 16. Kb1 Bb7 17. Bd3 c5 18. Qe2 Qg5 19. Be4 Bxe4+ 20. Qxe4 Rhf8
21. Rhe1 Rf2 22. Re2 Rxe2 23. Qxe2 Qf5+ 24. Ne4 Rxe5 25. Re1 h5 26. a4 d5 27.
cxd5 Nxd5 28. Ka2 Nb4+ 29. Ka3 Rxe4 30. Qxe4 Bxb2+ 31. Kxb2 Nd3+ 32. Kc3 Nxe1
33. Qe8+ Kb7 34. Qb5+ 1/2-1/2

[Event "10. University wch femenino"]
[Site "Novokuznetsk RUS"]
[Date "2008.03.10"]
[Round "8.21"]
[White "Paridar, Shadi"]
[Black "Anhchimeg, Bayanmonh"]
[Result "0-1"]
[WhiteElo "2225"]
[BlackElo "2245"]
[PlyCount "75"]
[EventDate "2008.03.03"]
[EventType "swiss"]
[EventRounds "9"]
[EventCountry "RUS"]
[Source "lmi"]
[SourceDate "2008.03.03"]

1. e4 c5 2. c3 d5 3. exd5 Qxd5 4. d4 Nf6 5. Nf3 e6 6. Be3 cxd4 7. cxd4 Nc6 8.
Nc3 Qd6 9. a3 Be7 10. Bd3 O-O 11. O-O b6 12. Qe2 Bb7 13. Rad1 Rac8 14. Bb1 Rfd8
15. Rfe1 a6 16. d5 exd5 17. Bxb6 Re8 18. Qd3 Nb8 19. Bd4 Nbd7 20. Ng5 h6 21.
Nf3 Bf8 22. Nh4 g6 23. Ba2 Bg7 24. Nf3 Rxe1+ 25. Rxe1 Nc5 26. Qd1 Nce4 27. Ne5
Rc7 28. f3 Ng5 29. Nd3 Ng4 30. Re8+ Kh7 31. fxg4 Bxd4+ 32. Kh1 Bxc3 33. bxc3
Rxc3 34. Qf1 Qd7 35. Re3 d4 36. Ne5 Qb5 37. Re2 Qxe2 38. Qd1 0-1

[Event "10. University wch femenino"]
[Site "Novokuznetsk RUS"]
[Date "2008.03.10"]
[Round "8.22"]
[White "Cheremnova, Tamara"]
[Black "Tashimova, Nadiya"]
[Result "1-0"]
[WhiteElo "2156"]
[BlackElo "2073"]
[PlyCount "93"]
[EventDate "2008.03.03"]
[EventType "swiss"]
[EventRounds "9"]
[EventCountry "RUS"]
[Source "lmi"]
[SourceDate "2008.03.03"]

1. d4 Nf6 2. c4 e6 3. Nf3 b6 4. g3 Bb7 5. Bg2 Bb4+ 6. Nbd2 O-O 7. a3 Be7 8. O-O
a5 9. Qc2 d5 10. cxd5 exd5 11. Ne5 c5 12. Ndf3 c4 13. Bf4 b5 14. Rfd1 Na6 15.
Nd2 Nh5 16. Be3 f6 17. Qf5 fxe5 18. Qxh5 Bc8 19. dxe5 Rf5 20. Qg4 Rxe5 21. Qd4
Bf6 22. Nf3 Rh5 23. Qd2 Be6 24. Nd4 Bxd4 25. Bxd4 b4 26. Bf3 Rh3 27. Qe3 Qd7
28. Qe5 Re8 29. Bg2 Rh6 30. Be3 Bf7 31. Qd4 Rh5 32. Bf3 Rhe5 33. Qxc4 dxc4 34.
Rxd7 Nc5 35. Rc7 Nb3 36. Rd1 c3 37. axb4 cxb2 38. Rb1 axb4 39. Rxb2 Rb8 40. Bf4
Reb5 41. Rxf7 Nd4 42. Bh5 g6 43. Rd7 gxh5 44. Bxb8 Nc6 45. Bf4 b3 46. Rd3 Na5
47. Bc7 1-0

[Event "10. University wch femenino"]
[Site "Novokuznetsk RUS"]
[Date "2008.03.10"]
[Round "8.23"]
[White "Dauletova, Gulmira"]
[Black "Salman, Mahini Mona"]
[Result "1-0"]
[WhiteElo "2261"]
[BlackElo "2085"]
[PlyCount "83"]
[EventDate "2008.03.03"]
[EventType "swiss"]
[EventRounds "9"]
[EventCountry "RUS"]
[Source "lmi"]
[SourceDate "2008.03.03"]

1. e4 c5 2. Nf3 Nc6 3. d4 cxd4 4. Nxd4 Qb6 5. Nb3 Nf6 6. Nc3 e6 7. Bd3 Be7 8.
O-O a6 9. a4 d6 10. Be3 Qc7 11. a5 Nd7 12. f4 O-O 13. Qh5 Nb4 14. Rf3 Nf6 15.
Qh3 e5 16. f5 d5 17. Rg3 Kh8 18. exd5 Nbxd5 19. Nxd5 Nxd5 20. Qg4 Bf6 21. Bc5
Re8 22. Be4 Nf4 23. Rc3 Bd7 24. Rd1 Bb5 25. Rd2 Rad8 26. Bb6 Qb8 27. Bc7 Qa7+
28. Bb6 Qb8 29. Bxd8 Rxd8 30. Rxd8+ Qxd8 31. Re3 Bg5 32. Re1 b6 33. g3 h5 34.
Qf3 Be2 35. Rxe2 Qd1+ 36. Kf2 Nh3+ 37. Kg2 Ng1 38. Qd3 Qxe2+ 39. Qxe2 Nxe2 40.
axb6 Bd8 41. b7 Bc7 42. Nc5 1-0

[Event "10. University wch femenino"]
[Site "Novokuznetsk RUS"]
[Date "2008.03.10"]
[Round "8.24"]
[White "Tajik, Sareh"]
[Black "Seps, Monika"]
[Result "1-0"]
[WhiteElo "1992"]
[BlackElo "2264"]
[PlyCount "61"]
[EventDate "2008.03.03"]
[EventType "swiss"]
[EventRounds "9"]
[EventCountry "RUS"]
[Source "lmi"]
[SourceDate "2008.03.03"]

1. d4 Nf6 2. Nf3 g6 3. Nbd2 d6 4. e4 Bg7 5. Bd3 O-O 6. O-O Nbd7 7. Re1 e5 8. c3
c6 9. Nf1 Re8 10. Bc2 Qc7 11. Ng3 Nf8 12. h3 Ne6 13. Be3 b6 14. Qd2 Bb7 15. Bh6
Bh8 16. Ng5 Nd7 17. Nxe6 fxe6 18. f4 exd4 19. cxd4 c5 20. d5 exd5 21. exd5 Bd4+
22. Kh1 Bxd5 23. f5 Bf7 24. fxg6 hxg6 25. Rf1 Ne5 26. Ne4 Nc4 27. Qg5 Re5 28.
Nf6+ Kh8 29. Qh4 Rh5 30. Nxh5 gxh5 31. Qe4 1-0

[Event "10. University wch femenino"]
[Site "Novokuznetsk RUS"]
[Date "2008.03.10"]
[Round "8.25"]
[White "Hemmatizadeh, Nina"]
[Black "Dagiisuren, Jargalsaikhan"]
[Result "0-1"]
[WhiteElo "1915"]
[BlackElo "2045"]
[PlyCount "132"]
[EventDate "2008.03.03"]
[EventType "swiss"]
[EventRounds "9"]
[EventCountry "RUS"]
[Source "lmi"]
[SourceDate "2008.03.03"]

1. c4 e5 2. Nc3 Nc6 3. g3 g6 4. Bg2 Bg7 5. d3 d6 6. e3 Nge7 7. Nge2 O-O 8. O-O
Be6 9. Nd5 Qd7 10. Nec3 Nd8 11. d4 Nxd5 12. cxd5 Bh3 13. dxe5 Bxg2 14. Kxg2
Bxe5 15. e4 f5 16. Bh6 Rf6 17. Qc1 Nf7 18. Bd2 f4 19. f3 g5 20. gxf4 Bxf4 21.
Ne2 Ne5 22. Bxf4 Nd3 23. Qc3 Nxf4+ 24. Nxf4 Rxf4 25. Rac1 Rf7 26. Qe3 Rf4 27.
Kh1 Raf8 28. Qxa7 Rxf3 29. Rxf3 Rxf3 30. Qb8+ Rf8 31. Qxc7 Qh3 32. Qc4 Qf3+ 33.
Kg1 h5 34. Rf1 Qg4+ 35. Kh1 Rxf1+ 36. Qxf1 Qxe4+ 37. Qg2 Qf4 38. Qe2 g4 39. Kg2
Kg7 40. Qe7+ Kg6 41. Qe6+ Kg5 42. Qe7+ Kf5 43. Qe6+ Kg5 44. Qe7+ Kg6 45. Qe6+
Kg7 46. Qd7+ Kf8 47. Qc8+ Kf7 48. Qxb7+ Kf6 49. Qb5 Qf3+ 50. Kg1 Kg5 51. a4 h4
52. Qc4 Qe3+ 53. Kh1 h3 54. Qf1 Qe4+ 55. Kg1 Qxa4 56. Qc1+ Kh5 57. Qd2 Qa1+ 58.
Kf2 Qh1 59. Ke3 Qf3+ 60. Kd4 g3 61. hxg3 Qxg3 62. Qc2 Qe5+ 63. Kc4 h2 64. Qg2
Kh4 65. b4 Qg3 66. Qh1 Qg1 0-1

[Event "10. University wch femenino"]
[Site "Novokuznetsk RUS"]
[Date "2008.03.11"]
[Round "9.18"]
[White "Vasilevich, Irina"]
[Black "Dauletova, Gulmira"]
[Result "1/2-1/2"]
[WhiteElo "2378"]
[BlackElo "2261"]
[PlyCount "78"]
[EventDate "2008.03.03"]
[EventType "swiss"]
[EventRounds "9"]
[EventCountry "RUS"]
[Source "lmi"]
[SourceDate "2008.03.03"]

1. e4 c5 2. Nc3 d6 3. f4 Nc6 4. Bb5 Bd7 5. Nf3 e6 6. O-O Be7 7. d3 Nf6 8. e5
dxe5 9. fxe5 Nd5 10. Ne4 O-O 11. Qe1 Nxe5 12. Nxe5 Bxb5 13. c4 Nb4 14. Qg3 Bh4
15. Qf4 Be8 16. Nxc5 Be7 17. Be3 Rc8 18. d4 b6 19. Ncd3 Nxd3 20. Nxd3 Rxc4 21.
Ne5 Rc2 22. Qg3 Bh4 23. Qf3 Rxb2 24. Rfc1 Bg5 25. Bxg5 Qxg5 26. Rc8 f6 27. Nd7
Rxa2 28. Rxa2 Bxd7 29. Rxf8+ Kxf8 30. Rxa7 Qc1+ 31. Kf2 Qd2+ 32. Kg3 Qxd4 33.
Qa3+ Kf7 34. h3 b5 35. Kh2 Qf4+ 36. Kh1 Qf1+ 37. Kh2 Qf4+ 38. Kh1 Qf1+ 39. Kh2
Qf4+ 1/2-1/2

[Event "10. University wch femenino"]
[Site "Novokuznetsk RUS"]
[Date "2008.03.11"]
[Round "9.19"]
[White "Kovanova, Baira"]
[Black "Wang, Yu A"]
[Result "1-0"]
[WhiteElo "2348"]
[BlackElo "2391"]
[PlyCount "75"]
[EventDate "2008.03.03"]
[EventType "swiss"]
[EventRounds "9"]
[EventCountry "RUS"]
[Source "lmi"]
[SourceDate "2008.03.03"]

1. e4 e5 2. Nf3 Nc6 3. Bc4 Nf6 4. d3 Be7 5. O-O O-O 6. h3 d6 7. c3 Na5 8. Bb5
a6 9. Ba4 c5 10. Nbd2 b5 11. Bc2 Nc6 12. Re1 Re8 13. Nf1 h6 14. Ng3 Bf8 15. d4
cxd4 16. cxd4 exd4 17. Nxd4 Nxd4 18. Qxd4 Be6 19. Bf4 Rc8 20. Bb3 d5 21. e5 Nd7
22. Rad1 Nb6 23. Qd3 Nc4 24. Nh5 Nxb2 25. Qg3 Kh8 26. Rd4 a5 27. Bd2 a4 28. Rh4
Bf5 29. Bxd5 Rc4 30. Bxh6 gxh6 31. Bxf7 Bh7 32. Rxc4 Nxc4 33. Qc3 Bg7 34. Nxg7
Kxg7 35. e6+ Qf6 36. Qxf6+ Kxf6 37. Bxe8 Nd6 38. Bxb5 1-0

[Event "10. University wch femenino"]
[Site "Novokuznetsk RUS"]
[Date "2008.03.11"]
[Round "9.20"]
[White "Bensdorp, Marlies"]
[Black "Zhang, Jilin"]
[Result "0-1"]
[WhiteElo "2259"]
[BlackElo "2345"]
[PlyCount "127"]
[EventDate "2008.03.03"]
[EventType "swiss"]
[EventRounds "9"]
[EventCountry "RUS"]
[Source "lmi"]
[SourceDate "2008.03.03"]

1. d4 Nf6 2. c4 g6 3. Nf3 d5 4. cxd5 Nxd5 5. g3 Bg7 6. Bg2 Nc6 7. Nc3 Nb6 8. e3
O-O 9. O-O e5 10. d5 Na5 11. e4 c6 12. Re1 cxd5 13. exd5 Nac4 14. Nd2 Bf5 15.
Nxc4 Nxc4 16. Qe2 Rc8 17. Rd1 Qd7 18. Be3 Rfe8 19. Be4 b5 20. Bxf5 gxf5 21.
Rac1 f4 22. b3 fxe3 23. bxc4 exf2+ 24. Kxf2 Rxc4 25. Nxb5 Rxc1 26. Rxc1 Qxd5
27. Nc7 Qd4+ 28. Kg2 Rd8 29. Rc4 Qd2 30. Rc2 Qxe2+ 31. Rxe2 Kf8 32. Kf3 Ke7 33.
Ke4 Rd4+ 34. Kf5 Rd1 35. Ke4 f6 36. Rc2 Re1+ 37. Kf3 Bh6 38. Nb5 a6 39. Rc7+
Kd8 40. Rxh7 axb5 41. Rxh6 Ra1 42. Ke4 Ke7 43. Kd5 Rd1+ 44. Ke4 Rd2 45. g4 Rxa2
46. g5 Ra4+ 47. Kd5 Rd4+ 48. Kc5 fxg5 49. Kxb5 Kf7 50. Kc5 Rh4 51. Ra6 Rxh2 52.
Kd5 Re2 53. Rb6 g4 54. Rb4 g3 55. Rg4 g2 56. Kc4 e4 57. Kd4 Kf6 58. Rg8 Kf5 59.
Rf8+ Kg4 60. Ke5 Kg3 61. Rg8+ Kf2 62. Rf8+ Ke1 63. Rg8 Kf1 64. Kd4 0-1

[Event "10. University wch femenino"]
[Site "Novokuznetsk RUS"]
[Date "2008.03.11"]
[Round "9.21"]
[White "Anhchimeg, Bayanmonh"]
[Black "Cheremnova, Tamara"]
[Result "0-1"]
[WhiteElo "2245"]
[BlackElo "2156"]
[PlyCount "64"]
[EventDate "2008.03.03"]
[EventType "swiss"]
[EventRounds "9"]
[EventCountry "RUS"]
[Source "lmi"]
[SourceDate "2008.03.03"]

1. e4 e5 2. Nf3 Nc6 3. Bb5 a6 4. Ba4 Nf6 5. O-O Be7 6. Re1 b5 7. Bb3 O-O 8. a4
b4 9. d3 d6 10. c3 Rb8 11. Nbd2 Na5 12. Bc2 c5 13. d4 bxc3 14. bxc3 Qc7 15. Nf1
Re8 16. h3 h6 17. Rb1 Rxb1 18. Bxb1 cxd4 19. cxd4 Bd7 20. Bd3 Nc6 21. Bxa6 Nxd4
22. Nxd4 exd4 23. Qxd4 Qa5 24. Re3 Qxa6 25. Rg3 Kh7 26. Qe3 Bf8 27. Bb2 Rxe4
28. Qd2 Re2 29. Qc3 Re4 30. Ne3 Qe2 31. a5 Rf4 32. Nd5 Qd1+ 0-1

[Event "10. University wch femenino"]
[Site "Novokuznetsk RUS"]
[Date "2008.03.11"]
[Round "9.22"]
[White "Yanjindulam, Dulamsuren"]
[Black "Tajik, Sareh"]
[Result "1-0"]
[WhiteElo "2256"]
[BlackElo "1992"]
[PlyCount "80"]
[EventDate "2008.03.03"]
[EventType "swiss"]
[EventRounds "9"]
[EventCountry "RUS"]
[Source "lmi"]
[SourceDate "2008.03.03"]

1. e4 c5 2. Nf3 d6 3. d4 cxd4 4. Nxd4 Nf6 5. Nc3 g6 6. Be3 Bg7 7. f3 O-O 8. Bc4
Nc6 9. Bb3 Bd7 10. Qd2 Ne5 11. O-O-O Qa5 12. Kb1 Rfc8 13. g4 b5 14. g5 Nh5 15.
Ncxb5 Qxd2 16. Rxd2 Nxf3 17. Bxf7+ Kxf7 18. Rf1 Kg8 19. Rxf3 e5 20. Nxd6 exd4
21. Nxc8 Bg4 22. Rf1 Rxc8 23. Bxd4 Bh3 24. Rff2 Bxd4 25. Rxd4 Ng7 26. Rd3 Bg4
27. b3 Re8 28. Rd4 Ne6 29. Rd5 Nc7 30. Rc5 Re7 31. a4 Na6 32. Rc6 Nb8 33. Rd6
Nd7 34. Rf4 Ne5 35. c4 Be6 36. h4 Nf7 37. Rd4 Bc8 38. b4 Bb7 39. c5 Rc7 40. b5
Bc8 1-0

[Event "10. University wch femenino"]
[Site "Novokuznetsk RUS"]
[Date "2008.03.11"]
[Round "9.23"]
[White "Dagiisuren, Jargalsaikhan"]
[Black "Tashimova, Nadiya"]
[Result "1/2-1/2"]
[WhiteElo "2045"]
[BlackElo "2073"]
[PlyCount "71"]
[EventDate "2008.03.03"]
[EventType "swiss"]
[EventRounds "9"]
[EventCountry "RUS"]
[Source "lmi"]
[SourceDate "2008.03.03"]

1. e4 c5 2. Nf3 e6 3. d4 cxd4 4. Nxd4 a6 5. c4 Nf6 6. Bd3 Nc6 7. Nxc6 dxc6 8.
O-O e5 9. Bg5 h6 10. Be3 Ng4 11. Qe2 Nxe3 12. Qxe3 Be7 13. Nc3 O-O 14. Rad1 Qa5
15. a3 b5 16. Qg3 Bf6 17. Be2 Be6 18. cxb5 axb5 19. Rd6 Qc7 20. Rdd1 Rfd8 21.
Rxd8+ Rxd8 22. Rd1 Bg5 23. Rxd8+ Qxd8 24. Qd3 Qxd3 25. Bxd3 Bc1 26. Nd1 Bb3 27.
Be2 Bxd1 28. Bxd1 Bxb2 29. a4 Bd4 30. Kf1 Kf8 31. axb5 cxb5 32. Be2 b4 33. Bc4
Ke7 34. Ke2 g6 35. Bb3 f5 36. f3 1/2-1/2

[Event "10. University wch femenino"]
[Site "Novokuznetsk RUS"]
[Date "2008.03.11"]
[Round "9.25"]
[White "Kharashuta, Ekaterina"]
[Black "Salman, Mahini Mona"]
[Result "0-1"]
[WhiteElo "2222"]
[BlackElo "2085"]
[PlyCount "90"]
[EventDate "2008.03.03"]
[EventType "swiss"]
[EventRounds "9"]
[EventCountry "RUS"]
[Source "lmi"]
[SourceDate "2008.03.03"]

1. Nf3 Nf6 2. g3 d5 3. Bg2 Bf5 4. c4 c6 5. cxd5 cxd5 6. Qb3 Qc7 7. Nc3 e6 8. d3
Nc6 9. O-O Be7 10. Bf4 Qd7 11. Rac1 O-O 12. Rfe1 Bg4 13. Qd1 Rac8 14. Ne5 Nxe5
15. Bxe5 b5 16. Qd2 b4 17. Nd1 Rxc1 18. Qxc1 Rc8 19. Qf4 Bh5 20. Ne3 Bg6 21. g4
Ne8 22. Qf3 Qa4 23. Ra1 b3 24. a3 Bg5 25. Nd1 Rc2 26. Nc3 Qd7 27. Nd1 f6 28.
Bc3 d4 29. Bb4 Qc7 30. Bf1 a5 31. Be1 Bc1 32. Rb1 Bd2 33. Bxd2 Rxd2 34. e4 Qc2
35. Ra1 Nd6 36. g5 fxg5 37. Bh3 Bf7 38. e5 Ne8 39. Bg4 Rxd3 40. Qa8 h5 41. Bxe6
Rxd1+ 42. Rxd1 Qxd1+ 43. Kg2 Kf8 44. Bf5 Bc4 45. Bd7 Qf1+ 0-1